000 00296nam a2200121Ia 4500
008 220204s9999 xx 000 0 und d
082 _a54-39
_bSWE.3
245 0 _aOrganic peroxides. V 3
260 _aNew York
_bWiley
_c1972
650 _aOrganic peroxide
700 _aSwern, Daniel
942 _cBK
999 _c39480
_d39480